000 00279nam a22001217a 4500
008 171019b xxu||||| |||| 00| 0 eng d
041 _aeng
080 _a338
100 _a53
101 _aMEN
245 _aTHE STRATEGY OF ECONOMIC DEVELOPMENT
_cHIRSCHMAN,A.O
942 _2udc
_cBK
999 _c34839
_d34839